[Event "Mission Possible"]
[Site "SchemingMind.com"]
[Date "2006.12.13"]
[Round "-"]
[White "Aumonde"]
[Black "MichaelDV"]
[Result "0-1"]
[WhiteCountry "USA"]
[BlackCountry "SWE"]
[WhiteElo "2258"]
[WhiteRD "56"]
[BlackElo "2340"]
[BlackRD "70"]
[GameID "81593"]

1. Nf3 d5 2. c4 c6 3. b3 Nf6 4. Bb2 Bg4 5. e3 e6 6. Be2 Nbd7 7. O-O Bd6 8. d4 O-O 9. Nc3 Qe7 10. c5 Bc7
11. h3 Bxf3 12. Bxf3 e5 13. b4 Rfe8 14. b5 exd4 15. exd4 Ne4 16. Re1 f5 17. bxc6 bxc6 18. Qa4 Qe6 19. Rad1 Ndf6 20. Qa3 Rab8
21. Bc1 Qd7 22. Re2 Qf7 23. Rc2 a5 24. Ne2 Rb1 25. Rb2 Rxb2= 26. Qxb2 Rb8 27. Qc2 Rb4 28. a3 Rb8 29. Rd3 g5 30. g3 g4
31. Bg2 gxh3 32. Bxh3 Ng4 33. Rf3 Qh5 34. Bg2 Re8 35. Qd3 Qh2+ 36. Kf1 Qh5 37. Kg1 Kh8 38. Qa6 Bd8 39. Bf4 Bg5 40. Bxg5 Nxg5
41. Qd3 Nxf3+ 42. Qxf3 Rb8 43. Qd3 a4 44. Kf1 Rb3 45. Qd2 Rb1+ 46. Nc1 Qh6 47. Ke2 Rxc1
0-1

[Event "Mission Possible"]
[Site "SchemingMind.com"]
[Date "2006.12.11"]
[Round "-"]
[White "chessfreak"]
[Black "MichaelDV"]
[Result "0-1"]
[WhiteCountry "INT"]
[BlackCountry "SWE"]
[WhiteElo "2215"]
[WhiteRD "87"]
[BlackElo "2392"]
[BlackRD "71"]
[GameID "81594"]

1. e4 e6 2. d4 d5 3. Nc3 Bb4 4. e5 c5 5. a3 Bxc3+ 6. bxc3 Ne7 7. Qg4 O-O 8. Bd3 Nbc6 9. Bg5 Qa5 10. Ne2 Ng6
11. O-O Qa4 12. f4 c4 13. Bxg6 fxg6 14. h4 Qxc2 15. h5 gxh5 16. Qxh5 Bd7 17. Rac1 Qd3 18. Rce1 h6 19. Bh4 Rf5 20. Qg4 Raf8
21. Rd1 Qe3+ 22. Bf2 Qe4 23. Bh4 Kh7 24. Qf3 Qxf3 25. Rxf3 Na5 26. Be7 Re8 27. Bb4 Nb3 28. g4 Rf7 29. Kg2 g6 30. Ng3 b6
31. Bd6 Rg8 32. Rf2 Na5 33. Kf3 Nb7 34. Bb4 a5 35. Bd6 Nxd6 36. exd6 Rgf8 37. Ke3 Kg7 38. Rb1 b5 39. Rh1 Bc6 40. Rfh2 Rh8
41. f5 exf5 42. gxf5 g5 43. Kd2 Bd7 44. Nh5+ Kg8 45. Rf1 Kh7 46. Re2 Rhf8
0-1

[Event "Mission Possible"]
[Site "SchemingMind.com"]
[Date "2006.12.11"]
[Round "-"]
[White "MARISCAL"]
[Black "MichaelDV"]
[Result "0-1"]
[WhiteCountry "ESP"]
[BlackCountry "SWE"]
[WhiteElo "2192"]
[WhiteRD "111"]
[BlackElo "2279"]
[BlackRD "73"]
[GameID "81596"]

1. e4 e6 2. d4 d5 3. e5 c5 4. c3 Nc6 5. Nf3 Qb6 6. a3 c4 7. g3 f6 8. exf6 Nxf6 9. Bg2 Bd6 10. O-O O-O
11. Re1 Bd7 12. Nbd2 Rae8 13. b3 cxb3 14. Qxb3 Qxb3 15. Nxb3 Ne4 16. Rxe4 dxe4 17. Ng5 b6 18. Nxe4 Bc7 19. f4 Ne7 20. a4 Bc6
21. Ba3 Rf5 22. Ra2 Bxa4 23. Bxe7 Bxb3
0-1

[Event "Mission Possible"]
[Site "SchemingMind.com"]
[Date "2006.12.12"]
[Round "-"]
[White "demiurg"]
[Black "MichaelDV"]
[Result "1/2-1/2"]
[WhiteCountry "HUN"]
[BlackCountry "SWE"]
[WhiteElo "2281"]
[WhiteRD "95"]
[BlackElo "2097"]
[BlackRD "104"]
[GameID "81597"]

1. e4 e6 2. d4 d5 3. Nc3 Bb4 4. e5 c5 5. a3 Bxc3+ 6. bxc3 Ne7 7. Qg4 O-O 8. Bd3 f5 9. exf6 Rxf6 10. Bg5 Rf7
11. Qh5 g6 12. Qd1 Nbc6 13. Nf3 Qc7 14. O-O c4 15. Be2 Nf5 16. Qd2 Nd6 17. Be3 Ne4 18. Qe1 e5 19. dxe5 Nxe5 20. Nxe5 Qxe5
21. Bd4 Qg5 22. Qc1 Qxc1=
1/2-1/2

[Event "Mission Possible"]
[Site "SchemingMind.com"]
[Date "2006.12.12"]
[Round "-"]
[White "aldave"]
[Black "MichaelDV"]
[Result "0-1"]
[WhiteCountry "PHI"]
[BlackCountry "SWE"]
[WhiteElo "1948"]
[WhiteRD "92"]
[BlackElo "2301"]
[BlackRD "75"]
[GameID "81598"]

1. d4 e6 2. c4 Nf6 3. Nc3 Bb4 4. Qc2 O-O 5. a3 Bxc3+ 6. Qxc3 b6 7. Bg5 Bb7 8. f3 h6 9. Bh4 d5 10. e3 Nbd7
11. cxd5 Nxd5 12. Bxd8 Nxc3 13. Bh4 Nd5 14. Bf2 c5 15. e4 Ne7 16. Bb5 Bc6 17. Bc4 cxd4 18. Bxd4 Rac8 19. Ba6 Rcd8 20. Ne2 f5
21. exf5 Nxf5 22. Bf2 Ne5 23. Rd1 Bxf3 24. Rxd8 Rxd8 25. gxf3 Nxf3+
0-1